| 000 | 00621nam a22002417a 4500 | ||
|---|---|---|---|
| 003 | UA-OsUOA | ||
| 001 | 93710 | ||
| 007 | ta | ||
| 008 | 20130128b un ||||| |||| 00| 0 ukr d | ||
| 100 | _aБарьяхтар В. Г. | ||
| 090 |
_a929:53 _bБ26 |
||
| 942 | _cBK | ||
| 040 |
_aUA-OsUOA _brus _cUA-OsUOA _dUA-OsUOA |
||
| 245 | _aМоя траектория | ||
| 300 | _a80 с. | ||
| 955 | _a1 | ||
| 041 | _arus | ||
| 080 | _a929:53 | ||
| 020 | _a978-966-00-1047-5 | ||
| 260 |
_aК. _bНаукова думка _c2010 |
||
| 650 | 7 |
_a9 Географія. Біографії. Історія _2UDC |
|
| 999 |
_c379952 _d379952 |
||